<?xml version="1.0" encoding="UTF-8"?>
<record
    xmlns:xsi="http://www.w3.org/2001/XMLSchema-instance"
    xsi:schemaLocation="http://www.loc.gov/MARC21/slim http://www.loc.gov/standards/marcxml/schema/MARC21slim.xsd"
    xmlns="http://www.loc.gov/MARC21/slim">

  <leader>01988nam a22002297a 4500</leader>
  <controlfield tag="005">20251206113532.0</controlfield>
  <controlfield tag="008">220905b           ||||| |||| 00| 0 eng d</controlfield>
  <datafield tag="020" ind1=" " ind2=" ">
    <subfield code="a">9788125054498</subfield>
  </datafield>
  <datafield tag="040" ind1=" " ind2=" ">
    <subfield code="c">AL</subfield>
  </datafield>
  <datafield tag="041" ind1=" " ind2=" ">
    <subfield code="a">eng</subfield>
  </datafield>
  <datafield tag="082" ind1=" " ind2=" ">
    <subfield code="2">23</subfield>
    <subfield code="a">820.9</subfield>
    <subfield code="b">CHOH</subfield>
  </datafield>
  <datafield tag="100" ind1=" " ind2=" ">
    <subfield code="a">Aditi Chowdhury</subfield>
    <subfield code="9">248130</subfield>
  </datafield>
  <datafield tag="245" ind1=" " ind2=" ">
    <subfield code="a">History of english literature</subfield>
    <subfield code="b">: Traversing the centuries</subfield>
  </datafield>
  <datafield tag="260" ind1=" " ind2=" ">
    <subfield code="a">Hyderabad</subfield>
    <subfield code="b">Orient Black Swan</subfield>
    <subfield code="c">2019</subfield>
  </datafield>
  <datafield tag="300" ind1=" " ind2=" ">
    <subfield code="a">xxxxviii,373p</subfield>
    <subfield code="b">PB</subfield>
    <subfield code="c">23x18cm</subfield>
  </datafield>
  <datafield tag="365" ind1=" " ind2=" ">
    <subfield code="2">English</subfield>
    <subfield code="a">3496</subfield>
    <subfield code="b">351.00</subfield>
    <subfield code="c">&#x20B9;</subfield>
    <subfield code="d">450.00</subfield>
    <subfield code="e">22%</subfield>
    <subfield code="f">09-08-2022</subfield>
  </datafield>
  <datafield tag="520" ind1=" " ind2=" ">
    <subfield code="a">A History of English Literature: Traversing the Centuries provides a comprehensive outline of the course of English literature from the Anglo-Saxon period to the present day. In its fourteen chapters, the book covers all major literary periods with inclusive analyses of the political, social and intellectual developments which inevitably contribute to and influence literature in both overt and subtle ways. The survey includes all important literary figures and their significant literary works. The volume is also supplemented with an introductory chapter that discusses the shaping influences on English literature and the royal houses of England. This is followed by a timeline which will enable readers to place each author in the social and political settings and events of the time. In its broad canvass, the book delves into the nuances of everything that goes into the making of English literature. Carefully planned, rich in detail and information, and useful in marking the milestones within various periods as well as drawing the connections between them, A History of English Literature is a reference volume that  makes the reading of literary history a stimulating experience for students, scholars and teachers of English literature, and general readers interested in literary history.</subfield>
  </datafield>
  <datafield tag="650" ind1=" " ind2=" ">
    <subfield code="a">English Literature History</subfield>
    <subfield code="9">56523</subfield>
  </datafield>
  <datafield tag="650" ind1=" " ind2=" ">
    <subfield code="a">English Criticism</subfield>
    <subfield code="9">56524</subfield>
  </datafield>
  <datafield tag="700" ind1=" " ind2=" ">
    <subfield code="a">Goswami, Rita</subfield>
    <subfield code="9">56526</subfield>
  </datafield>
  <datafield tag="942" ind1=" " ind2=" ">
    <subfield code="2">ddc</subfield>
    <subfield code="c">BK</subfield>
  </datafield>
  <datafield tag="999" ind1=" " ind2=" ">
    <subfield code="c">224512</subfield>
    <subfield code="d">224512</subfield>
  </datafield>
  <datafield tag="952" ind1=" " ind2=" ">
    <subfield code="0">0</subfield>
    <subfield code="1">0</subfield>
    <subfield code="2">ddc</subfield>
    <subfield code="4">0</subfield>
    <subfield code="7">0</subfield>
    <subfield code="8">ENG</subfield>
    <subfield code="a">AL</subfield>
    <subfield code="b">AL</subfield>
    <subfield code="d">2022-08-11</subfield>
    <subfield code="e">Biblios Book Point, Surathkal, Mangalore-575014</subfield>
    <subfield code="g">351.00</subfield>
    <subfield code="l">5</subfield>
    <subfield code="o">820.9 CHOH</subfield>
    <subfield code="p">075968</subfield>
    <subfield code="r">2024-10-21 00:00:00</subfield>
    <subfield code="s">2024-10-07</subfield>
    <subfield code="v">450.00</subfield>
    <subfield code="w">2022-09-05</subfield>
    <subfield code="y">BK</subfield>
  </datafield>
</record>
